| 000 | 00575nam a2200229Ia 4500 | ||
|---|---|---|---|
| 005 | 20260429111846.0 | ||
| 008 | 260429s9999||||xx |||||||||||||| ||und|| | ||
| 020 | _a9788119160303 | ||
| 041 | _aEnglish | ||
| 082 |
_a332 _bHAJ |
||
| 100 | _aHajela, T.N | ||
| 245 | 0 |
_aMoney, banking and public finance / _cT.N Hajela |
|
| 250 | _a8th ed. | ||
| 260 |
_aNew Delhi : _bAne Books, _c2025. |
||
| 300 | _axiv, 355 p.; hb | ||
| 650 | _a Banking | ||
| 650 | _a Financial economics | ||
| 650 | _a Money | ||
| 650 | _a Public finance | ||
| 650 | _aEconomics | ||
| 942 | _cTB | ||
| 999 |
_c51166 _d51166 |
||